Movies Quiz

Random Movies or Clickable Quiz
Score 0/40 Timer 05:00
22 Plays Today
% Correct
Texas Chainsaw
96.4%
The Blair
95.8%
Jeepers
94.1%
The Cabin in the
93.7%
Paranormal
93.5%
Dawn of the
92.4%
The Hills
92.1%
Bride of
91.4%
Child's
90.7%
The Amityville
90.6%
Final
90.6%
Little Shop of
90.2%
Children of the
89.3%
Rosemary's
89%
Drag Me
88.6%
What Lies
88.4%
28 Days
88.3%
Invasion of the
87.6%
Creature from the
86.9%
Peeping
86.4%
% Correct
An American
84.8%
Silent Night,
83.5%
Jacob's
78.4%
The Wicker
78.4%
Basket
77.7%
It
77.6%
The Thing from
75.3%
One Missed
74.4%
Henry:
74.3%
Eyes
71.8%
The Devil's
70.8%
Abbott and Costello
69.2%
Pit and the
67.4%
Altered
65.9%
The Cabinet of
64.9%
Event
63.5%
Audrey
60.7%
The Beast from
60%
Near
57%
Cannibal
51.5%

You're not logged in!

Compare scores with friends on all Sporcle quizzes.
OR
Log In

Sporcle TV

Today on Sporcle TV


Watch our educational content, quiz creation guides, and fun videos on Sporcle TV.

Show Comments

Extras

Top Quizzes Today


Score Distribution

Paid Content

Your Account Isn't Verified!

In order to create a playlist on Sporcle, you need to verify the email address you used during registration. Go to your Sporcle Settings to finish the process.

Report this User

Report this user for behavior that violates our Community Guidelines.

Details: